Sports Quiz

Random Sports or WWE Quiz

NWA/WCW/WWE United States Champions Quiz Stats

 Plays Quiz Updated Apr 15, 2019

Score 0/161 Timer 15:00
0 Plays Today
Year Wrestler % Correct
2015John Cena
92.3%
2015John Cena
92.2%
2004John Cena
86.4%
2004John Cena
86.4%
2004John Cena
86.4%
1977Ric Flair
84.7%
1978Ric Flair
84.7%
1979Ric Flair
84.7%
1980Ric Flair
84.7%
1996Ric Flair
84.7%
2018Randy Orton
84.3%
2017Chris Jericho
83.8%
2018Jeff Hardy
82.9%
2017Chris Jericho
82.8%
2016Roman Reigns
79.8%
2017Kevin Owens
79.2%
2017Kevin Owens
79.2%
2017Kevin Owens
79.2%
1999David Flair
78.6%
1999Chris Benoit
78.1%
1999Chris Benoit
78.1%
2005Chris Benoit
78.1%
2006Chris Benoit
78.1%
2006Chris Benoit
78.1%
2018Rusev
76.8%
2016Rusev
76%
2001Booker T
75.7%
2004Booker T
75.7%
2005Booker T
75.7%
2006Booker T
75.7%
2019Samoa Joe
75.4%
2015Seth Rollins
75.3%
1998Bret Hart
75.2%
1998Bret Hart
75.2%
1998Bret Hart
75.2%
1999Bret Hart
75.2%
2014Rusev
75%
1991Sting
74.9%
1995Sting
74.9%
2009The Miz
74.9%
2017AJ Styles
74.8%
2017AJ Styles
74.8%
2017Dolph Ziggler
74.4%
1996Eddie Guerrero
74.1%
2003Eddie Guerrero
74.1%
2003Big Show
74%
2010Bret Hart
74%
2010The Miz
73.8%
2013Dean Ambrose
73.7%
2018Shinsuke Nakamura
73%
2001Edge
71%
1993Steve Austin
71%
1994Steve Austin
71%
1987Dusty Rhodes
70.3%
Year Wrestler % Correct
2019Shinsuke Nakamura
70.1%
2014Sheamus
69.6%
2008Matt Hardy
68.8%
1993Dustin Rhodes
68.7%
1993Dustin Rhodes
68.7%
2013Kofi Kingston
68.3%
2019R-Truth
68.2%
1987Lex Luger
67.5%
1989Lex Luger
67.5%
1989Lex Luger
67.5%
1990Lex Luger
67.5%
1998Lex Luger
67.5%
1999Scott Hall
67.5%
1999Scott Hall
67.5%
1998Goldberg
67.2%
1999Goldberg
67.2%
2009Kofi Kingston
66.6%
2015Alberto Del Rio
66.6%
2016Alberto Del Rio
66.6%
2011Kofi Kingston
65.7%
2018Bobby Roode
65.5%
2018Jinder Mahal
65.4%
2011Dolph Ziggler
65%
2001Kurt Angle
64.3%
2006JBL
63.3%
1977Ricky Steamboat
61.5%
1978Ricky Steamboat
61.5%
1984Ricky Steamboat
61.5%
1994Ricky Steamboat
61.5%
1997Diamond Dallas Page
61.3%
1998Diamond Dallas Page
61.3%
2011Sheamus
61.3%
2016Kalisto
61.1%
2016Kalisto
61.1%
1999Scott Steiner
61.1%
2000Scott Steiner
61.1%
2001Rick Steiner
60.3%
2007Montel Vontavious Porter
59.7%
2009Montel Vontavious Porter
59.7%
2017Baron Corbin
59.7%
2010Daniel Bryan
59.6%
1985Magnum T.A.
58%
1985Magnum T.A.
58%
2012Antonio Cesaro
57.1%
1975Harley Race
56.9%
2012Jack Swagger
56.8%
1981Roddy Piper
55.8%
1983Roddy Piper
55.8%
1999Roddy Piper
55.8%
1997Jeff Jarrett
54.9%
1999Jeff Jarrett
54.9%
2000Jeff Jarrett
54.9%
1997Dean Malenko
54.4%
1994Vader
52.7%
Year Wrestler % Correct
1998Raven
52.3%
2004Carlito
52.1%
2012Santino Marella
51.3%
1991Rick Rude
49.9%
1985Tully Blanchard
49.8%
2008Shelton Benjamin
49.5%
2011Zack Ryder
48.5%
1997Curt Hennig
48.4%
1988Barry Windham
47.3%
1982Greg Valentine
47.1%
1983Greg Valentine
47.1%
1999Sid Vicious
46%
1975Johnny Valentine
45.9%
2010R-Truth
45.9%
2005Orlando Jordan
45.7%
2006Finlay
45.3%
2000Lance Storm
45.2%
2000Lance Storm
45.2%
2000Lance Storm
45.2%
1994Jim Duggan
44.9%
2006Bobby Lashley
44.9%
1975Terry Funk
43.3%
2000Terry Funk
43.3%
2001Chris Kanyon
42.3%
1996Konnan
42%
2001Rhyno
39.8%
2006Mr. Kennedy
39.5%
1986Nikita Koloff
38.4%
1981Sgt. Slaughter
37.8%
1982Sgt. Slaughter
37.8%
1997Steve McMichael
36.8%
1981Wahoo McDaniel
36.4%
1982Wahoo McDaniel
36.4%
1982Wahoo McDaniel
36.4%
1984Wahoo McDaniel
36.4%
1984Wahoo McDaniel
36.4%
2000Gen. Rection
35.5%
2000Gen. Rection
35.5%
1979Jimmy Snuka
34.2%
2001Tajiri
33.7%
2001Shane Douglas
33.6%
1989Michael Hayes
32.3%
1975Paul Jones
32.1%
1976Paul Jones
32.1%
1995One Man Gang
31.9%
1976Blackjack Mulligan
29.3%
1976Blackjack Mulligan
29.3%
1978Blackjack Mulligan
29.3%
1990Stan Hansen
28.5%
1983Dick Slater
25.9%
1978Mr. Wrestling
24.2%
1977Bobo Brazil
24%
1995Kensuke Sasaki
23.5%

You're not logged in!

Compare scores with friends on all Sporcle quizzes.
OR
Log In

Show Comments

Extras

Top Quizzes Today


Score Distribution

Your Account Isn't Verified!

In order to create a playlist on Sporcle, you need to verify the email address you used during registration. Go to your Sporcle Settings to finish the process.

Report this User

Report this user for behavior that violates our Community Guidelines.

Details: